| 000 -CABECERA |
| Longitud fija campo de control |
00754nam a22002297a 4500 |
| 003 - IDENTIFICADOR DEL NÚMERO DE CONTROL |
| Identificador del número de control |
OSt |
| 005 - FECHA Y HORA DE LA ÚLTIMA TRANSACCIÓN |
| Fecha y hora de la última transacción |
20131118180744.0 |
| 008 - CÓDIGOS DE INFORMACIÓN DE LONGITUD FIJA |
| Códigos de información de longitud fija |
130613s2009 sp ||||| |||| 00| 0 spa d |
| 020 ## - NÚMERO INTERNACIONAL NORMALIZADO PARA LIBROS |
| Número Internacional Normalizado para Libros (ISBN) |
9788483078891 |
| 040 ## - FUENTE DE LA CATALOGACIÓN |
| Centro transcriptor |
CDMR |
| 100 1# - PUNTO DE ACCESO PRINCIPAL-NOMBRE DE PERSONA |
| 9 (RLIN) |
3763 |
| Nombre de persona |
Espinosa Maestre, Francisco |
| Fechas asociadas al nombre |
1954- |
| 245 10 - MENCIÓN DE TÍTULO |
| Título |
Callar al mensajero |
| Resto del título |
: la represión franquista, entre la libertad de información y el derecho al honor |
| Mención de responsabilidad, etc. |
Francisco Espinosa Maestre |
| 260 ## - PUBLICACIÓN, DISTRIBUCIÓN, ETC. (PIE DE IMPRENTA) |
| Lugar de publicación, distribución, etc. |
Barcelona |
| Nombre del editor, distribuidor, etc. |
Península |
| Fecha de publicación, distribución, etc. |
2009 |
| 300 ## - DESCRIPCIÓN FÍSICA |
| Extensión |
252 p. |
| 490 0# - MENCIÓN DE SERIE |
| Mención de serie |
Atalaya |
| Designación de volumen o secuencia |
360 |
| 650 04 - PUNTO DE ACCESO ADICIONAL DE MATERIA - TÉRMINO DE MATERIA |
| 9 (RLIN) |
3312 |
| Término de materia o nombre geográfico como elemento inicial |
Franquisme |
| 650 04 - PUNTO DE ACCESO ADICIONAL DE MATERIA - TÉRMINO DE MATERIA |
| 9 (RLIN) |
2723 |
| Término de materia o nombre geográfico como elemento inicial |
Censura |
| 650 04 - PUNTO DE ACCESO ADICIONAL DE MATERIA - TÉRMINO DE MATERIA |
| 9 (RLIN) |
2767 |
| Término de materia o nombre geográfico como elemento inicial |
Periodistes |
| Subdivisión de materia general |
Situació legal, lleis, etc |
| 650 04 - PUNTO DE ACCESO ADICIONAL DE MATERIA - TÉRMINO DE MATERIA |
| 9 (RLIN) |
4150 |
| Término de materia o nombre geográfico como elemento inicial |
Llibertat d'impremta |
| Subdivisión geográfica |
Espanya |
| 650 04 - PUNTO DE ACCESO ADICIONAL DE MATERIA - TÉRMINO DE MATERIA |
| 9 (RLIN) |
3170 |
| Término de materia o nombre geográfico como elemento inicial |
Persecucions polítiques |
| 942 ## - ENTRADA DE ELEMENTOS AGREGADOS (KOHA) |
| Fuente de clasificaión o esquema |
|
| Koha [por defecto] tipo de item |
Monografies |